Strategie rozmisťování a intenzifikace

Na minha lista:
Detalhes bibliográficos
Autor principal: Tomášek, Petr
Formato: Livro
Idioma:tcheco
Publicado em: Ostrava Výzkumný ústav rozvoje obl. a měst 1986
Edição:1. vyd.
Tags: Adicionar Tag
Sem tags, seja o primeiro a adicionar uma tag!

MARC

LEADER 00000nam a2200000 4500
001 c034268
005 20221220072932.4
041 0 |a cze 
044 |a CZ 
245 1 0 |a Strategie rozmisťování a intenzifikace  |c Petr Tomášek 
250 |a 1. vyd. 
264 1 |a Ostrava  |b Výzkumný ústav rozvoje obl. a měst  |c 1986 
300 |a 177 s. 
100 1 |a Tomášek, Petr